000 00203nam a2200085Ia 4500
008 250605s9999 xx 000 0 und d
041 _aeng
100 _aSagar Sharma
245 _aVardhan Consulting Engineers
999 _c45745
_d45745